书目信息 |
| 题名: |
建筑企业财务管理
|
|
| 作者: | 王孙雄 编 | |
| 分册: | ||
| 出版信息: | 北京 中国建筑工业出版社 1993.06 |
|
| 页数: | 227页 | |
| 开本: | 16开 | |
| 丛书名: | ||
| 单 册: | ||
| 中图分类: | F285 | |
| 科图分类: | ||
| 主题词: | 基本建设经济 , 基本建设 , 基本建设经济学 , 基本建设优化学 | |
| 电子资源: | ||
| ISBN: | 7-112-01860-9 | |
| 000 | 00642nam0 2200229 45 | |
| 001 | 0012101579 | |
| 005 | 20120313083925.89 | |
| 010 | @a7-112-01860-9@d15.00元 | |
| 100 | @a20001210d1993 km y0chiy0120 ea | |
| 101 | 0 | @achi |
| 105 | @a z 000yy | |
| 200 | 1 | @a建筑企业财务管理@AJian Zhu Qi Ye Cai Wu Guan Li@f王孙雄编@FWang Sun Xiong Bian |
| 210 | @a北京@c中国建筑工业出版社@d1993.06 | |
| 215 | @a227页@d16开 | |
| 606 | 0 | @a基本建设经济 |
| 606 | 0 | @a基本建设 |
| 606 | 0 | @a基本建设经济学 |
| 606 | 0 | @a基本建设优化学 |
| 690 | @aF285@v3 | |
| 701 | 0 | @a王孙雄@4编 |
| 801 | @aCN@bPftUser@c20001210 | |
| 905 | @b303473-477@dF285@eW8981@f5 | |
| 建筑企业财务管理/王孙雄编.-北京:中国建筑工业出版社,1993.06 |
| 227页;16开 |
| ISBN 7-112-01860-9:15.00元 |
| ● |
| 相关链接 |
|
|
|
正题名:建筑企业财务管理
索取号:F285/W8981
 
预约/预借
| 序号 | 登录号 | 条形码 | 馆藏地/架位号 | 状态 | 备注 |
| 1 | 023370 | 200233700 | 社科库409/409社科库 35排2列3层/ [索取号:F285/W8981] | 在馆 | |
| 2 | 023409 | 200234095 | 社科二线422/409社科库 35排2列3层/ [索取号:F285/W8981] | 在馆 | |
| 3 | 023419 | 200234193 | 社科二线422/409社科库 34排1列4层/ [索取号:F285/W8981] | 在馆 | |
| 4 | 023442 | 200234424 | 社科二线422/409社科库 34排1列4层/ [索取号:F285/W8981] | 在馆 | |
| 5 | 023465 | 200234656 | 社科库409/409社科库 34排1列4层/ [索取号:F285/W8981] | 在馆 | |
| 6 | 023494 | 200234941 | 社科库409/409社科库 34排1列4层/ [索取号:F285/W8981] | 在馆 | |
| 7 | 023538 | 200235389 | 社科二线422/409社科库 35排2列3层/ [索取号:F285/W8981] | 在馆 | |
| 8 | 023557 | 200235575 | 社科二线422/409社科库 35排2列3层/ [索取号:F285/W8981] | 在馆 | |
| 9 | 23572 | 200235726 | 社科库409/400B社科库 3排4列4层/ [索取号:F285/W8981] | 在馆 | |
| 10 | 303473 | 203034732 | 社科库409/409社科库 105排1列2层/ [索取号:F285/W8981] | 在馆 | |
| 11 | 303474 | 203034741 | 社科库409/409社科库 105排1列2层/ [索取号:F285/W8981] | 在馆 | |
| 12 | 303475 | 203034750 | 社科库409/409社科库 105排1列2层/ [索取号:F285/W8981] | 在馆 | |
| 13 | 303476 | 203034769 | 社科库409/409社科库 105排1列2层/ [索取号:F285/W8981] | 在馆 | |
| 14 | 303477 | 203034778 | 社科库409/409社科库 105排1列2层/ [索取号:F285/W8981] | 在馆 |